A saga de gunnlaug língua-de-serpente (Record no. 191099)

MARC details
000 -LÍDER
campo de controle de tamanho fixo 00426 a2200169 4500
001 - NÚMERO DE CONTROLE
campo de controle 191099
020 ## - ISBN - INTERNATIONAL STANDARD BOOK NUMBER
ISBN - International Standard Book Number 978-85-8054-194-6
040 ## - FONTE DA CATALOGAÇÃO
Instituição que transcreveu o registro Magnum
100 ## - ENTRADA PRINCIPAL--NOME PESSOAL
Nome pessoal Moosburger, Théo de Borba
240 10 - TÍTULO UNIFORME
Título uniforme A saga de gunnlaug língua-de-serpente
Idioma da obra por
245 10 - TÍTULO
Título A saga de gunnlaug língua-de-serpente
300 ## - DESCRIÇÃO FÍSICA
Extensão 108
362 0# - DATAS DE PUBLICAÇÃO E/OU DESIGNAÇÃO SEQUENCIAL
Datas de publicação e/ou designação sequencial 2014
440 #1 - DECLARAÇÃO DE SÉRIE/ENTRADA ADICIONADA--TÍTULO
Título Fino Traço
697 ## - ENTRADA DE ASSUNTO LOCAL--ENTIDADE COLETIVA (RLIN)
Nome corporativo ou nome da jurisdição LITERATURA JUVENIL ESTRANGEIRA
942 ## - ELEMENTOS DE ENTRADA ADICIONADOS (KOHA)
Tipo de material Koha Livros
Holdings
Situação do descarte Situação das perdas Situação física Não pode ser emprestado Biblioteca de origem Biblioteca atual Data de aquisição Total de empréstimos Número de chamada completo Código de barras Data de último acesso Data do preço efetivo Tipo de material Koha
        Magnum Magnum 08/06/2024   890.3.238 MAG00068300 08/06/2024 08/06/2024 Livros